| 000 | 00811nam a2200229 a 4500 | ||
|---|---|---|---|
| 005 | 20240920064004.0 | ||
| 008 | 991125s1995 mx 000 0 spa u | ||
| 020 | _a9687542055 | ||
| 035 | _aUPN01000017309 | ||
| 049 | _aCG | ||
| 050 | 4 |
_aLC5215 _bE38 |
|
| 245 | 0 | 0 |
_aEducación, cultura y procesos sociales / _ccoord. M. Teresa Wuest Silva. |
| 260 |
_aMéxico : _bCMIE, _bUNAM, Coordinación de Humanidades, _c1995. |
||
| 300 | _a403 p. | ||
| 440 | 3 |
_aLa investigación educativa en los ochenta, perspectivas para los noventa ; _v7 |
|
| 590 | _a(También localizas un ejemplar en el "Area de Reserva") | ||
| 590 | _aBibliografía Básica (BGTQ) | ||
| 650 | 4 |
_aIndígenas de México _xEducación _910 |
|
| 650 | 4 |
_aEducación de adultos _9956 |
|
| 700 | 1 |
_aWuest Silva, M. Teresa, _ecoord. |
|
| 905 | _aLibro | ||
| 999 |
_c17309 _d17309 |
||